000 01316cam a22003374a 4500
999 _c11777
_d11777
001 14346129
003 OSt
005 20190207085430.0
008 060419s2007 maua b 001 0 eng
010 _a 2006046235
020 _a9780073044811 (alk. paper)
020 _a0073044814 (alk. paper)
040 _aDLC
_cDLC
_dDLC
042 _apcc
050 0 0 _aQP303
_b.H35 2006
082 0 0 _a612.7/6
_222
100 1 _aHall, Susan J.
245 1 0 _aBasic biomechanics /
250 _a5th ed.
260 _aNew York:
_bMcGraw-Hill,
_c2006.
300 _axvi, 544 p. :
_bill. ;
_c28 cm.
504 _aIncludes bibliographical references and index.
650 0 _aBiomechanics.
650 0 _aBiomechanics
_vProblems, exercises, etc.
856 4 2 _3Contributor biographical information
_uhttp://www.loc.gov/catdir/enhancements/fy0742/2006046235-b.html
856 4 2 _3Publisher description
_uhttp://www.loc.gov/catdir/enhancements/fy0742/2006046235-d.html
856 4 1 _3Table of contents only
_uhttp://www.loc.gov/catdir/enhancements/fy0742/2006046235-t.html
906 _a7
_bcbc
_corignew
_d1
_eocip
_f20
_gy-gencatlg
942 _2lcc
_cBOOKS
_hQP 303 .H35 2006